000 004960000a22001570004500
003 MACL
005 20180227124622.0
008 180227b xxu||||| |||| 00| 0 eng d
040 _cmacl
100 _aअाश्‍ाीष इन्‍दुरख्‍या
_970805
245 _aगाँव देहात के खेल
260 _bराकेश साहित्‍य
_c2008
350 _a20
650 _aचिल्‍ड्रन
_970806
942 _cHIN
_k741.642/IND
_2ddc
999 _c41434
_d41434